01351 a2200241 4500003000500000005001700005010001700022020001800039040000900057082001000066100002100076245009300097250001200190260006300202300004500265500002000310500007900330505059400409538003001003650002201033700002601055700002801081Nust20170207153558.0 a 2004044755 a9788131723227 cNust00a512.51 aKolman, Bernard,10aIntroductory linear algebra :ban applied first course /cBernard Kolman, David R. Hill. a8th ed. aUpper Saddle River, N.J. :bPearson/Prentice Hall,cc2005. a1 v. (various pagings) :bill. ;c26 cm. aIncludes index. aRev. ed. of: Introductory linear algebra with applications. 7th ed. c2001. aLinear Equation and Matrices (Page-1) Applications of Linear Equations and Matrices Optional (Page-119) Determinates (Page-182) Vectors in Rn (Page-214) Applications of Vectors in R2 and R3 Options (Page-259) Real Vector Space (Page-272) Applications of Real Vector Spaces Optional (Page-375) Eigen values ,Eigenvectors and Diagonlization (Page-408) Applications of Eigen values and Eigenvectors (Page-447) Linear Transformation and Matrices (Page-502) Cumulative Re3view of Introductory Linear Algebra (Page-555) Linear Programming Optional (Page-558) Matlab for Linear Algebra (Page-615) aAlmirah No.11 Shelf No.3 0aAlgebras, Linear.1 aHill, David R.d1943-1 aKolman, Bernard,d1932-